20 noms des Schtroumpfs en 3 min - Statistiques

Statistiques générales
  • Ce quiz a été pris 748 fois
  • Le résultat moyen est 10 sur 20
Statistiques - réponses
Noms des Schtroumpfs % Correct
Grand schtroumpf
96%
Schtroumpfette
95%
À lunettes
87%
Costaud
78%
Farceur
74%
Bricoleur
69%
Coquet
69%
Grognon
69%
Cuisinier
63%
Gourmand
51%
Maladroit
46%
Paresseux
45%
Paysan
43%
Musicien
33%
Poète
28%
Peintre
26%
Peureux
24%
Rêveur
18%
Bagarreur
2%
Colérique
2%
Aucun quiz correspondant
Distribution des résultats
% des personnes avec chaque résultat
Percentile par nombre de réponses
Votre historique - résultats
Vous n’avez pas pris ce quiz